Legal resistance to autocracy : the global fight to save democracy
"This book focuses on resistance to autocratization, a less well-researched and understood topic than the rise of authoritarianism. As the editors and authors of this book have experienced both through their academic research and personal lives in autocratizing countries, autocratization does n...
Saved in:
| Other Authors | , , , |
|---|---|
| Format | Electronic eBook |
| Language | English |
| Published |
Abingdon, Oxon [UK] ; New York, NY :
Routledge,
2026.
|
| Series | Comparative constitutional change
|
| Subjects | |
| Online Access | Full text |
| ISBN | 1003636489 9781003636489 9781040446416 1040446418 9781040446379 104044637X 9781041066583 9781041066590 |
| Physical Description | 1 online resource. |
Cover
| LEADER | 00000cam a22000008i 4500 | ||
|---|---|---|---|
| 001 | tf-9781003636489 | ||
| 003 | FlBoTFG | ||
| 005 | 20251209184416.9 | ||
| 006 | m o d | ||
| 007 | cr ||||||||||| | ||
| 008 | 250530s2026 enk ob 001 0 eng | ||
| 040 | |a OCoLC-P |b eng |e rda |c OCoLC-P | ||
| 020 | |a 1003636489 | ||
| 020 | |a 9781003636489 |q (electronic bk.) | ||
| 020 | |a 9781040446416 |q (electronic bk. : EPUB) | ||
| 020 | |a 1040446418 |q (electronic bk. : EPUB) | ||
| 020 | |a 9781040446379 |q (electronic bk. : PDF) | ||
| 020 | |a 104044637X |q (electronic bk. : PDF) | ||
| 020 | |z 9781041066583 |q (hardback) | ||
| 020 | |z 9781041066590 |q (paperback) | ||
| 024 | 7 | |a 10.4324/9781003636489 |2 doi | |
| 035 | |a (OCoLC)1528510332 | ||
| 035 | |a (OCoLC-P)1528510332 | ||
| 245 | 0 | 0 | |a Legal resistance to autocracy : |b the global fight to save democracy / |c edited by Octa??vio Luiz Motta Ferraz, Natasha Lindstaedt, David Trubek, and Oscar Vilhena Vieira. |
| 264 | 1 | |a Abingdon, Oxon [UK] ; |a New York, NY : |b Routledge, |c 2026. | |
| 300 | |a 1 online resource. | ||
| 336 | |a text |b txt |2 rdacontent | ||
| 337 | |a computer |b c |2 rdamedia | ||
| 338 | |a online resource |b cr |2 rdacarrier | ||
| 490 | 0 | |a Comparative constitutional change | |
| 505 | 0 | |a Law as Resilience and Law as Roadblocks : Protest Politics and Resistance in India / Moshin Alam Bhat and Aparna Chandra -- It Can Happen Here-Resistance to Autocracy under Trump and Trumpism / Richard L Abel -- 'A Group of Professors-Turned-Political-Activists' : Legal Resistance to Regime Changes in Israel 2023 / Ronit Levine-Schnur -- Lawyers, Bankers and Picketers : Pro-democracy Coalition-building in Brazil / Raquel de Mattos Pimenta, De??bora Alves Maciel, Sofia Bordin Rolim, and Marta Rodriguez de Assis Machado -- Defensive Democracy : The Role of the Brazilian Supreme Federal Tribunal (2019-2023) / Oscar Vilhena Vieira -- Judicial Resistance to Autocracy : South African Case Study / Nurina Ally, Heinz Klug, and Nomfundo Ramalekana -- Repertoires of Resistance / Heinz Klug -- Resisting Autocratization : The Case of Hungary / Ga??bor Halmai and Bojan Bugaric?? -- Personalization of Power and Sources of Resistance in Russia / Natasha Lindstaedt -- Defenders but not Resisters : The Role of Lawyers in Putin's Russia / Kathryn Hendley -- Global Resistance to Authoritarian Diffusion : The People's Republic of China / Leigha C Crout -- International Human Rights Institutions and Resistance to Autocratization : Mapping their Actions / Octa??vio Luiz Motta Ferraz and Nina M Hart -- Economic Sanctions, Autocratization, and Human Security / Bojan Bugaric??, Natasha Lindstaedt, and David M Trubek -- Global Resistance to Authoritarian Diffusion : Lawyers in Resistance / Leigha C Crout, David M Trubek, and Sofia Bordin Rolim. | |
| 506 | |a Plný text je dostupný pouze z IP adres počítačů Univerzity Tomáše Bati ve Zlíně nebo vzdáleným přístupem pro zaměstnance a studenty | ||
| 520 | |a "This book focuses on resistance to autocratization, a less well-researched and understood topic than the rise of authoritarianism. As the editors and authors of this book have experienced both through their academic research and personal lives in autocratizing countries, autocratization does not march on unopposed. Moreoever, resistance to autocratization has yielded results, if not managing to prevent attempted coups, like in Brazil and the US, at least disturbing the path of autocratizers and leaving doors open for future reversal, as in India, Israel and South Africa. The collection offers a contribution to this important yet neglected field from scholars of eight countries in different stages of autocratization: Brazil, India, China, Russia, Israel, Hungary and South Africa, as well as cross-cutting themes on international human rights institutions, sanctions, the political economy of autocratization and the role of lawyers in comparative perspective. The authors include senior and rising scholars not only with academic interest and experience of the topic but also deep knowledge and intense involvement in the autocratization processes, and resistance, in their own countries. The volume will be of interest to researchers, academics and policy-makers working in the areas of Law, Political Science and International Relations"-- |c Provided by publisher. | ||
| 588 | |a OCLC-licensed vendor bibliographic record. | ||
| 650 | 0 | |a Government, Resistance to. | |
| 650 | 0 | |a Political activists. | |
| 650 | 0 | |a Despotism. | |
| 650 | 0 | |a Democracy. | |
| 655 | 7 | |a elektronické knihy |7 fd186907 |2 czenas | |
| 655 | 9 | |a electronic books |2 eczenas | |
| 700 | 1 | |a Motta Ferraz, Octa??vio Luiz, |e editor. | |
| 700 | 1 | |a Lindstaedt, Natasha, |e editor. | |
| 700 | 1 | |a Trubek, David M., |d 1935- |e editor. |1 https://id.oclc.org/worldcat/entity/E39PCjrfDMcMKTMpRt4vrCVKkC | |
| 700 | 1 | |a Vieira, Oscar Vilhena, |e editor. |1 https://id.oclc.org/worldcat/entity/E39PCjFc4mKmYjCkx779PBqrVP | |
| 856 | 4 | 0 | |u https://proxy.k.utb.cz/login?url=https://www.taylorfrancis.com/books/9781003636489 |